| 000 | 004830000a22001690004500 | ||
|---|---|---|---|
| 003 | MACL | ||
| 005 | 20150707133306.0 | ||
| 008 | 150707b xxu||||| |||| 00| 0 eng d | ||
| 040 |
_aMACL _cMACL |
||
| 041 | _aEnglish | ||
| 100 |
_aAli,Asghar _91101 |
||
| 245 | _aSecularism,Democracy and Muslim Experience In India Understanding Communalism and Terrorism | ||
| 260 |
_aNew Delhi _bHop India Pub. _c2010 |
||
| 350 | _a495 | ||
| 650 |
_aPolitical Scinece _91102 |
||
| 942 |
_cBK _k320 _2ddc |
||
| 999 |
_c48477 _d48477 |
||